000 00589nam a22001817a 4500
003 UA-OsUOA
001 25526
007 ta
008 20040323b un ||||| |||| 00| 0 ukr d
100 _aКаленський М. М.
942 _cSA
040 _aUA-OsUOA
_cUA-OsUOA
_dUA-OsUOA
245 _aРоль митного оподаткування в регулюванні економічних і соціальних процесів у державі
300 _aС.3--12
955 _a0
773 0 _w0
_tФінанси України
_dКиїв
_d2004
_g№3
650 7 _aМито
_2UDC
999 _c311824
_d311824